000 00195 a2200097 4500
001 18620
100 _aNiaz F
245 _aSahabiat
260 _a
_bNafees Academy
_c1967
090 _c13847
_d13847
942 _aNUST-CAE
_cM
_c4277
999 _c253693
_d253693